[Event "Cup World (team) for the Blind)"]
[Site "masterchessopen.com Italy"]
[Round "3"]
[White "Markov Ziva (SRB)"]
[Black "Zoltek Tadeusz (POL)"]
[Result "0-1"]
[WhiteElo "2227"]
[BlackElo "2298"]

1.e4 c5 2.Nf3 Nc6 3.d4 cxd4 4.Nxd4 Nf6 5.Nc3 d6 6.Bg5 Bd7 7.Qd2 Nxd4 8.Qxd4 h6
9.Bh4 Qa5 10.Bc4 Rc8 11.f3 g5 12.Bf2 Bg7 13.Qd3 Nh5 14.O-O-O Nf4 15.Qf1 Qb4
16.Bb3 Rxc3 17.Be1 Bb5 18.Qf2 Ne2+ 19.Kb1 Rxb3 20.axb3 Qc5 21.c4 Qxf2 22.Bxf2
Bc6 23.Bxa7 O-O 24.g3 g4 25.Kc2 gxf3 26.Kd3 f5 27.exf5 Rxf5 28.Rhf1 Bxb2
29.Bb6 Re5 30.b4 Be4+ {#R} 0-1

[Event "Memorial T.Petrosian (juniors)"]
[Site "masterchessopen.com Moscow (Russia)"]
[Round "7"]
[White "Gunsen Bat-Ochir (MGL)"]
[Black "Zubritskiy Artyom (RUS)"]
[Result "0-1"]
[WhiteElo "2210"]
[BlackElo "2292"]

1.e4 c5 2.Nf3 Nc6 3.d4 cxd4 4.Nxd4 Nf6 5.Nc3 d6 6.Bg5 Bd7 7.Qd2 Rc8 8.O-O-O
Nxd4 9.Qxd4 Qa5 10.Bd2 e5 11.Qd3 Ng4 12.Qe2 Qc5 13.f3 Nf2 14.Be3 Nxd1 15.Bxc5
Nxc3 16.bxc3 Rxc5 17.c4 Be7 18.h4 O-O 19.g3 Rfc8 20.Rh2 a6 21.Qd1 b5 22.c3 Be6
23.Rd2 Bxc4 24.Bxc4 Rxc4 25.Kb2 Rxc3 26.Rd5 R3c4 27.Qd2 Ra4 28.Kb3 Rcc4 29.h5
h6 30.a3 Kh7 31.Qe3 Bg5 32.f4 exf4 33.gxf4 Rxe4 34.Qh3 Rxf4 35.Rxd6 Be7
36.Qd3+ f5 37.Qg3 Rxa3+ {#R} 0-1

[Event "It (open)"]
[Site "masterchessopen.com Sevilla (Spain)"]
[Date "2005.01.09"]
[Round "3"]
[White "Garcia Romero Benjamin Abel (ESP)"]
[Black "Escobar Forero Alder (COL)"]
[Result "0-1"]
[WhiteElo "2165"]
[BlackElo "2407"]

1.e4 c5 2.Nf3 d6 3.d4 cxd4 4.Nxd4 Nf6 5.Nc3 Nc6 6.Bg5 Bd7 7.Qd2 Rc8 8.Rd1 a6
9.Be2 Nxd4 10.Qxd4 Qa5 11.f4 h6 12.Bxf6 gxf6 13.b4 Qc7 14.Rd3 Rg8 15.O-O f5
16.Qe3 Rg6 17.Bh5 Re6 18.Nd5 Qxc2 19.Qg3 Rxe4 20.Nb6 Bb5 21.Qg8 Qxd3 {#R} 0-1

[Event "Ch France (team) (nat.2) 2004/05"]
[Site "masterchessopen.com France"]
[Date "2005.02.06"]
[Round "7"]
[White "Grill Marc (FRA)"]
[Black "Salaun Patrick"]
[Result "1-0"]
[WhiteElo "2140"]
[BlackElo "2230"]

1.e4 c5 2.Nf3 Nc6 3.d4 cxd4 4.Nxd4 Nf6 5.Nc3 d6 6.Bg5 Bd7 7.Qd2 Qa5 8.Nb3 Qc7
9.O-O-O Rc8 10.f4 a6 11.Bd3 e6 12.Bxf6 gxf6 13.g4 Na5 14.Nxa5 Qxa5 15.Kb1 d5
16.Ne2 Qxd2 17.Rxd2 Bc6 18.Ng3 Bh6 19.Rf2 Ke7 20.h4 dxe4 21.Bxe4 Bxe4 22.Nxe4
Rc4 23.Re1 Rd8 24.c3 Rd3 25.g5 Bg7 26.f5 Rc6 27.gxf6+ Bxf6 28.Nxf6 {#r} 1-0

[Event "Ch Belarus"]
[Site "masterchessopen.com Minsk (Belarus)"]
[Date "2005.03.12"]
[Round "9"]
[White "Zhigalko Andrey (BLR)"]
[Black "Kupreichik Viktor D (BLR)"]
[Result "1-0"]
[WhiteElo "2537"]
[BlackElo "2451"]

1.e4 c5 2.Nf3 Nc6 3.d4 cxd4 4.Nxd4 Nf6 5.Nc3 d6 6.Bg5 Bd7 7.Qd2 Rc8 8.O-O-O
Nxd4 9.Qxd4 Qa5 10.h4 a6 11.f3 e5 12.Qd3 Be6 13.Bxf6 gxf6 14.a3 Qc5 15.Kb1 Rc6
16.g3 Qf2 17.Nd5 Qxg3 18.Qb3 Qf2 19.Qxb7 Qxc2+ 20.Ka2 Bc8 21.Nxf6+ Kd8 22.Qxf7
Qxd1 23.Bxa6 Be7 24.Ng8 {#r} 1-0

[Event "It (open)"]
[Site "masterchessopen.com La Roda (Spain)"]
[Date "2005.03.24"]
[Round "3"]
[White "Kolev Atanas (BUL)"]
[Black "Matnadze Ana (GEO)"]
[Result "1-0"]
[WhiteElo "2559"]
[BlackElo "2388"]

1.e4 c5 2.Nf3 d6 3.d4 cxd4 4.Nxd4 Nf6 5.Nc3 Nc6 6.Bg5 Bd7 7.Qd2 Rc8 8.f4 h6
9.Bxf6 gxf6 10.Nf5 Qa5 11.Bd3 Nb4 12.a3 Rg8 13.g3 a6 14.Be2 b5 15.Rd1 Nc6
16.Nd5 Qd8 17.Nde3 Qb6 18.b4 Nb8 19.Nd5 Qd8 20.Qd4 Bc6 21.Bh5 Nd7 22.Qe3 e5
23.fxe5 Nxe5 24.O-O Bxd5 25.Rxd5 Qc7 26.Rfd1 Qxc2 27.Qa7 Rg6 28.Qxa6 Rg8
29.Qxb5+ Rc6 30.Rc5 Qxe4 31.Qb8+ Kd7 32.Qb7+ Ke6 33.Nd4+ Qxd4+ 34.Rxd4 dxc5
35.Bxf7+ {#r} 1-0

[Event "Ch Hessen"]
[Site "masterchessopen.com Offenbach (Germany)"]
[Date "2005.03.28"]
[Round "1"]
[White "Roeschlau Bernd (GER)"]
[Black "Telljohann Sven (GER)"]
[Result "0-1"]
[WhiteElo "2236"]
[BlackElo "2427"]

1.e4 c5 2.Nf3 Nc6 3.d4 cxd4 4.Nxd4 Nf6 5.Nc3 d6 6.Bg5 Bd7 7.Qd2 a6 8.O-O-O b5
9.f3 e6 10.g4 Qb6 11.Be3 Qb7 12.g5 Ng8 13.Nxc6 Bxc6 14.Qf2 O-O-O 15.Bb6 Rd7
16.Bh3 Ne7 17.Bg4 h5 18.Bh3 Kb8 19.Rhe1 b4 20.Nb1 Nc8 21.Be3 g6 22.Nd2 Rc7
23.Nb3 Ba4 24.Kb1 Be7 25.Rd4 Rd8 26.Qd2 d5 27.exd5 e5 28.Rd3 Nd6 29.Nc5 Nc4
30.Qf2 Bxc2+ 31.Qxc2 Bxc5 32.Bxc5 Rxc5 33.Qd1 Rcxd5 34.Rxd5 Rxd5 35.Qc2 Qb5
36.Rc1 Rc5 {#R} 0-1

[Event "Ch Germany (team) (w)"]
[Site "masterchessopen.com Halle (Germany)"]
[Date "2005.04.15"]
[Round "2"]
[White "Neldner Anita (GER)"]
[Black "Niesch Franziska (GER)"]
[Result "0-1"]
[WhiteElo "2007"]
[BlackElo "1916"]

1.e4 c5 2.Nf3 Nc6 3.d4 cxd4 4.Nxd4 d6 5.Nc3 Nf6 6.Bg5 Bd7 7.Qd2 Ng4 8.h3 Nge5
9.f4 Ng6 10.Ndb5 f6 11.f5 Nge5 12.Bf4 g6 13.g4 Nf3+ {#R} 0-1

[Event "It (open)"]
[Site "masterchessopen.com Djakovo (Croatia)"]
[Date "2005.05.01"]
[Round "1"]
[White "Predojevic Borki (BIH)"]
[Black "Doric Darko (CRO)"]
[Result "1-0"]
[WhiteElo "2558"]
[BlackElo "2402"]

1.e4 c5 2.Nf3 d6 3.d4 cxd4 4.Nxd4 Nf6 5.Nc3 Nc6 6.Bg5 Bd7 7.Qd2 Rc8 8.Nxc6
Bxc6 9.f3 a6 10.O-O-O e6 11.Kb1 Be7 12.h4 h6 13.Be3 b5 14.Bd3 Nd7 15.Qf2 Qc7
16.Ne2 a5 17.Nd4 Rb8 18.g4 Ne5 19.g5 h5 20.Be2 g6 21.Nxc6 Nxc6 22.f4 b4 23.f5
Ne5 24.Ba7 Rb7 25.Bd4 Qc6 26.Rhf1 Bd8 27.Bxe5 dxe5 28.fxg6 fxg6 29.Rxd8+ {#r}
1-0

[Event "Zt"]
[Site "masterchessopen.com Taza (Morocco)"]
[Date "2005.06.21"]
[Round "1"]
[White "Laouini Sami (TUN)"]
[Black "Arab Adlane (ALG)"]
[Result "0-1"]
[WhiteElo "2218"]
[BlackElo "2376"]

1.e4 c5 2.Nf3 d6 3.d4 cxd4 4.Nxd4 Nf6 5.Nc3 Nc6 6.Bg5 Bd7 7.Qd2 Nxd4 8.Qxd4
Qa5 9.Bd2 Rc8 10.Bc4 e6 11.Bb3 Qe5 12.Qd3 Bc6 13.f4 Qh5 14.O-O d5 15.exd5 Rd8
16.Rae1 Bc5+ 17.Kh1 O-O 18.Re5 Qh4 19.Be1 Qh6 20.Qf3 exd5 21.Nxd5 Nxd5 22.Bxd5
Bd4 23.Rh5 Bxd5 24.Rxd5 Rxd5 25.Qxd5 Qa6 26.c4 Bxb2 27.Bb4 Rc8 28.Re1 h6 29.h3
Bf6 30.Bd6 b6 31.Re2 Qa4 32.c5 bxc5 33.Bxc5 Qb5 {#R} 0-1

[Event "It (open) (a)"]
[Site "masterchessopen.com Pardubice (Czech Republic)"]
[Date "2005.07.28"]
[Round "7"]
[White "Malinovsky Karel (CZE)"]
[Black "Neuman Petr (CZE)"]
[Result "1-0"]
[WhiteElo "2317"]
[BlackElo "2414"]

1.e4 c5 2.Nf3 d6 3.d4 cxd4 4.Nxd4 Nf6 5.Nc3 Nc6 6.Bg5 Bd7 7.Qd2 Rc8 8.Nb3 a6
9.f4 b5 10.Bd3 e6 11.O-O-O Be7 12.Kb1 b4 13.Ne2 a5 14.Bxf6 gxf6 15.Nbd4 Nxd4
16.Nxd4 Qb6 17.Be2 a4 18.Bh5 O-O 19.f5 e5 20.Qh6 Rc3 21.bxc3 bxc3+ 22.Nb3 axb3
23.axb3 Bb5 24.Rhe1 Qa7 25.Re3 Kh8 26.Bg6 fxg6 27.fxg6 {#r} 1-0

[Event "Ch Region"]
[Site "masterchessopen.com Tula (Russia)"]
[Date "2005.08.06"]
[Round "2"]
[White "Chuiko Alexander (RUS)"]
[Black "Shensnovich Vladimir (RUS)"]
[Result "1-0"]
[WhiteElo "2397"]
[BlackElo "2132"]

1.e4 c5 2.Nf3 Nc6 3.d4 cxd4 4.Nxd4 Nf6 5.Nc3 d6 6.Bg5 Bd7 7.Qd2 a6 8.Bxf6 gxf6
9.f4 Rg8 10.O-O-O Bh6 11.g3 Rc8 12.Nf5 Bxf5 13.exf5 Qa5 14.Bd3 b5 15.Kb1 Nb4
16.Rhe1 Rxc3 17.Qxc3 Qxa2+ 18.Kc1 Nxd3+ 19.Rxd3 Kd7 20.Qd4 Qa1+ 21.Kd2 Qa5+
22.Rc3 Ra8 23.Qe4 Qd8 24.Qc6# 1-0

[Event "It (open)"]
[Site "masterchessopen.com Vlissingen (Netherlands)"]
[Date "2005.08.07"]
[Round "2"]
[White "De Putter Theo (NED)"]
[Black "Beeke Bobby (NED)"]
[Result "0-1"]
[WhiteElo "1996"]
[BlackElo "2167"]

1.e4 c5 2.Nf3 Nc6 3.d4 cxd4 4.Nxd4 Nf6 5.Nc3 d6 6.Bg5 Bd7 7.Qd2 Rc8 8.O-O-O
Nxd4 9.Qxd4 Qa5 10.f4 Rxc3 11.bxc3 e5 12.Qc4 b5 13.Qd3 Ng4 14.Qd5 f6 15.fxe5
Nxe5 16.Be3 Qxc3 17.Qa8+ Kf7 18.Bd4 Qa3+ 19.Bb2 Qxa2 20.Qd5+ Qxd5 21.exd5 g6
22.Be2 Bh6+ 23.Kb1 Rc8 24.Bc1 Bg7 25.Be3 Bf5 26.Rd2 Be4 27.Rg1 f5 28.g3 b4
29.Bf4 b3 30.Bxe5 bxc2+ 31.Kc1 dxe5 32.Ba6 Rc5 33.Re2 Bh6+ {#R} 0-1

[Event "It (open)"]
[Site "masterchessopen.com Madrid (Spain)"]
[Date "2005.09.27"]
[Round "6"]
[White "Perez Pascual Arturo (ESP)"]
[Black "Rodriguez Ruben (PHI)"]
[Result "1-0"]
[WhiteElo "2056"]
[BlackElo "2445"]

1.e4 c5 2.Nf3 Nc6 3.d4 cxd4 4.Nxd4 Nf6 5.Nc3 d6 6.Bg5 Bd7 7.Qd2 Rc8 8.f4 Nxd4
9.Qxd4 Qa5 10.e5 dxe5 11.fxe5 e6 12.O-O-O Bc6 13.Nb5 Bxb5 14.exf6 Bc6 15.h4
gxf6 16.Bxf6 Bc5 17.Qd3 Rf8 18.Kb1 Be7 19.Bxe7 Kxe7 20.Qd6+ Ke8 21.Bc4 Rd8
22.Qg3 b5 23.Rxd8+ Qxd8 24.Bd3 f5 25.Re1 Qd7 26.Qe5 Kf7 27.g4 fxg4 28.Bxh7 Bf3
29.Qg5 Rd8 30.Bg6+ Kf8 31.Qf6+ Kg8 32.Bf7+ Qxf7 33.Qxd8+ Kh7 34.Qd3+ Qf5
35.Qd7+ {#r} 1-0

[Event "It (open)"]
[Site "masterchessopen.com Sautron (France)"]
[Date "2005.10.24"]
[Round "3"]
[White "Colovic Aleksandar (MKD)"]
[Black "Adam Etienne (FRA)"]
[Result "1-0"]
[WhiteElo "2473"]
[BlackElo "2044"]

1.e4 c5 2.Nf3 d6 3.d4 cxd4 4.Nxd4 Nf6 5.Nc3 Nc6 6.Bg5 Bd7 7.Qd2 Rc8 8.Nb3 h6
9.Bxf6 gxf6 10.Bd3 a6 11.f4 b5 12.a4 b4 13.Nd5 a5 14.O-O e6 15.Ne3 Qb6 16.Kh1
Nd4 17.Nc4 Nxb3 18.cxb3 Qd8 19.f5 Rg8 20.fxe6 Bxe6 21.Ne3 Rc5 22.Bb5+ Ke7
23.Nd5+ Bxd5 24.exd5 Rg5 25.Qxg5 {#r} 1-0

[Event "Ch Switzerland (team) 2005"]
[Site "masterchessopen.com Switzerland"]
[Date "2005.10.29"]
[Round "8"]
[White "Seps Monika (SUI)"]
[Black "Georges Sacha (SUI)"]
[Result "0-1"]
[WhiteElo "2200"]
[BlackElo "2268"]

1.e4 c5 2.Nf3 d6 3.d4 cxd4 4.Nxd4 Nf6 5.Nc3 Nc6 6.Bg5 Bd7 7.Qd2 Rc8 8.f3 a6
9.O-O-O Nxd4 10.Qxd4 Qa5 11.h4 h6 12.Be3 g6 13.Qd2 h5 14.Kb1 Bg7 15.Bd4 Be6
16.a3 Rc6 17.Qf2 O-O 18.Bd3 Rfc8 19.Ne2 Qa4 20.Rc1 b5 21.Qe1 a5 22.c3 Qb3
23.c4 Qxd3+ {#R} 0-1

[Event "Czech League 2005/06 (2nd) (f)"]
[Site "masterchessopen.com Czech Republic"]
[Date "2005.11.06"]
[Round "2"]
[White "Medunova Vera (CZE)"]
[Black "Stukner Simon (CZE)"]
[Result "0-1"]
[WhiteElo "2190"]
[BlackElo "2071"]

1.e4 c5 2.Nf3 Nc6 3.d4 cxd4 4.Nxd4 Nf6 5.Nc3 d6 6.Bg5 Bd7 7.Qd2 Qa5 8.f4 Rc8
9.Nb3 Qd8 10.O-O-O a6 11.Be2 b5 12.Rhe1 b4 13.Bxf6 gxf6 14.Nd5 a5 15.Kb1 Bg7
16.Ne3 f5 17.e5 a4 18.Nd4 Nxd4 19.Qxd4 O-O 20.Qxb4 Rb8 21.Qd4 Be6 22.Nd5 Bxd5
23.Qxd5 Qb6 24.b3 dxe5 25.fxe5 Rfd8 26.Qf3 Qa5 27.Qxf5 Qc3 28.Qf3 Qxe5 29.c3
Rxd1+ 30.Rxd1 axb3 31.a4 e6 32.Bb5 Rc8 33.Kb2 {#R} 0-1

[Event "It (open)"]
[Site "masterchessopen.com Zagreb (Croatia)"]
[Date "2006.01.18"]
[Round "5"]
[White "Vadla Zeljko (CRO)"]
[Black "Bosiocic Marin (CRO)"]
[Result "0-1"]
[WhiteElo "2260"]
[BlackElo "2448"]

1.e4 c5 2.Nf3 d6 3.d4 cxd4 4.Nxd4 Nf6 5.Nc3 Nc6 6.Bg5 Bd7 7.Qd2 Rc8 8.O-O-O
Nxd4 9.Qxd4 Qa5 10.Bxf6 gxf6 11.f4 Bg7 12.Kb1 Qc5 13.Qd2 f5 14.e5 O-O 15.Bd3
dxe5 16.fxe5 Bxe5 17.Rde1 Bg7 18.Rhf1 Qb4 19.a3 Qd6 20.Nd1 e5 21.Qe2 e4 22.Bc4
Qe5 23.c3 f4 {#R} 0-1

[Event "It (open) \"]
[Site "masterchessopen.com Moscow (Russia)"]
[Date "2006.02.15"]
[Round "9"]
[White "Sharma Dinesh K (IND)"]
[Black "Petukhov Dmitry (RUS)"]
[Result "1-0"]
[WhiteElo "2356"]
[BlackElo "2354"]

1.e4 c5 2.Nf3 d6 3.d4 cxd4 4.Nxd4 Nf6 5.Nc3 Nc6 6.Bg5 Bd7 7.Qd2 Rc8 8.O-O-O
Nxd4 9.Qxd4 Qa5 10.Be3 a6 11.f3 e6 12.g4 h6 13.Kb1 Bc6 14.Qd2 b5 15.Bg2 Qc7
16.h4 Nd7 17.f4 Be7 18.g5 Nb6 19.Qd4 Nc4 20.Qxg7 Nxe3 21.Qxh8+ Kd7 22.Qd4 Nxg2
23.gxh6 Nxf4 24.h7 Qb8 25.Rhf1 b4 26.Rxf4 bxc3 27.b3 f6 28.Rg4 e5 29.Qf2 Qb4
30.Qf5+ Kc7 31.Qxc8+ Kxc8 32.h8=Q+ Kd7 33.Ka1 Bxe4 34.Rg8 Qa3 35.Rb1 Bxc2
36.Rb8 Qc5 37.Rb7+ {#r} 1-0

[Event "It (open)"]
[Site "masterchessopen.com Cappelle la Grande (France)"]
[Date "2006.02.19"]
[Round "2"]
[White "Erenburg Sergey (ISR)"]
[Black "Dembo Yelena (GRE)"]
[Result "0-1"]
[WhiteElo "2582"]
[BlackElo "2468"]

1.e4 c5 2.Nf3 Nc6 3.d4 cxd4 4.Nxd4 Nf6 5.Nc3 d6 6.Bg5 Bd7 7.Qd2 Rc8 8.Nxc6
Bxc6 9.f3 a6 10.O-O-O e6 11.Ne2 Be7 12.h4 O-O 13.Nd4 Ba4 14.g4 Nd7 15.Bxe7
Qxe7 16.g5 Ne5 { ?! } ( 16...Qd8 { !? } 17.Qb4 Nc5 18.Bc4 b5 { } ) 17.f4 Nc6
18.Rh2 { ?! } ( 18.Nxc6 { !? } 18...Rxc6 19.b3 d5 20.exd5 { } ) 18...d5
19.Nxc6 Bxc6 20.e5 Bb5 21.Bh3 { ?! } ( 21.Bxb5 { !? } 21...axb5 22.h5 Rc4
23.Kb1 { } ) 21...Rc4 22.h5 Rfc8 23.Qe3 { ?! } ( 23.Bf1 { !? } 23...Ra4 24.a3
{ } ) 23...Qc7 24.Rdd2 Re4 25.Qg3 Qc4 26.b3 Qc5 27.g6 Re3 28.gxf7+ Kf8 29.Qg4
{ ?? } ( 29.Qh4 Qc3 30.Kb1 Rg3 31.Rd1 { } ) 29...Qc3 30.Kb1 Re1+ 31.Rd1 Be2
32.Qxe2 Rxe2 33.Rxe2 Qxh3 { } {#R} 0-1

[Event "Ch Hungary (team) 2005/06"]
[Site "masterchessopen.com Hungary"]
[Date "2006.02.26"]
[Round "8"]
[White "Toth Andras (HUN)"]
[Black "Liptay Laszlo (HUN)"]
[Result "1-0"]
[WhiteElo "2408"]
[BlackElo "2337"]

1.e4 c5 2.Nf3 Nc6 3.d4 cxd4 4.Nxd4 Nf6 5.Nc3 d6 6.Bg5 Bd7 7.Qd2 Nxd4 8.Qxd4
Qa5 9.f4 e6 10.O-O-O Be7 11.e5 dxe5 {#r} 1-0

[Event "Ch France (juniors) (under 16)"]
[Site "masterchessopen.com Aix les Bains (France)"]
[Round "7"]
[White "Benassayag Lucas (FRA)"]
[Black "Gambier Hugo (FRA)"]
[Result "1-0"]
[WhiteElo "2084"]
[BlackElo "2025"]

1.e4 c5 2.Nf3 Nc6 3.d4 cxd4 4.Nxd4 Nf6 5.Nc3 d6 6.Bg5 Bd7 7.Qd2 Rc8 8.Nb3 e6
9.O-O-O a6 10.f4 h6 11.Bh4 Nxe4 12.Nxe4 Qxh4 13.Nbc5 Qe7 14.Nxb7 {#r} 1-0

[Event "Ch Russia (juniors) (under 18)"]
[Site "masterchessopen.com Dagomys (Russia)"]
[Round "4"]
[White "Lanin Alexsej (RUS)"]
[Black "Nurmukhanov Timur (RUS)"]
[Result "1-0"]
[WhiteElo "2474"]
[BlackElo "2271"]

1.e4 c5 2.Nf3 d6 3.d4 cxd4 4.Nxd4 Nf6 5.Nc3 Nc6 6.Bg5 Bd7 7.Qd2 Rc8 8.O-O-O
Nxd4 9.Qxd4 Qa5 10.Bxf6 gxf6 11.f4 Qc5 12.Qd3 a5 13.Kb1 h5 14.Be2 h4 15.Rhe1
Bg7 16.Bf1 Rh5 17.Qf3 Rh6 18.Rd5 Qb4 19.Bb5 Bxb5 20.Rxb5 Qc4 21.f5 Qc7 22.a4
Rh8 23.Qg4 Kf8 24.Re3 b6 25.Rh3 Qc4 26.Qd1 Rb8 27.b3 Qc8 28.Nd5 Qd8 29.Qd4 Rh5
30.Nxb6 Bh6 {#r} 1-0

[Event "Ch France (team) (nat.2) 2005/06"]
[Site "masterchessopen.com France"]
[Date "2006.04.01"]
[Round "10"]
[White "Draoui Najib (MAR)"]
[Black "Claverie Christophe (FRA)"]
[Result "1-0"]
[WhiteElo "2416"]
[BlackElo "2314"]

1.e4 c5 2.Nf3 d6 3.d4 cxd4 4.Nxd4 Nf6 5.Nc3 Nc6 6.Bg5 Bd7 7.Qd2 Rc8 8.f3 Nxd4
9.Qxd4 Qa5 10.h4 e6 11.O-O-O Be7 12.Kb1 O-O 13.g4 a6 14.Qd2 Qc7 15.Bf4 Ne8
16.Bg5 b5 17.Be3 {#r} 1-0

[Event "Ch SCG (team)"]
[Site "masterchessopen.com Vrnjacka Banja (Serbia)"]
[Date "2006.05.01"]
[Round "1"]
[White "Ivanovic Bozidar (MNE)"]
[Black "Todorovic Jovan (SRB)"]
[Result "1-0"]
[WhiteElo "2444"]
[BlackElo "2365"]

1.e4 c5 2.Nf3 d6 3.d4 cxd4 4.Nxd4 Nf6 5.Nc3 Nc6 6.Bg5 Bd7 7.Qd2 Rc8 8.Nxc6
Bxc6 9.Bxf6 gxf6 10.Bc4 Qa5 11.O-O f5 12.Qg5 Qc5 13.Bd5 fxe4 14.Rad1 Bxd5
15.Rxd5 Qc4 16.Re1 Rc5 17.Nxe4 Rxd5 18.Nf6+ Kd8 19.Nxd5 Qxc2 20.g3 Qxb2
21.Rxe7 f6 22.Qe3 Qb1+ 23.Kg2 Qf5 24.Re8+ Kd7 25.Nf4 h5 26.Rb8 h4 27.Qe8+ Kc7
28.Qd8+ Kc6 29.Rc8+ Kb5 30.Qe8+ Ka6 31.Qa4+ Qa5 32.Qc2 h3+ 33.Kf3 Bg7 34.Qd3+
Qb5 35.Rc4 Re8 36.Nd5 {#r} 1-0

[Event "Memorial R.Nezhmetdinov"]
[Site "masterchessopen.com Kazan (Russia)"]
[Date "2006.06.05"]
[Round "5"]
[White "Askarov Marat (RUS)"]
[Black "Sokolov Sergei (RUS)"]
[Result "1-0"]
[WhiteElo "2480"]
[BlackElo "2379"]

1.e4 c5 2.Nf3 Nc6 3.d4 cxd4 4.Nxd4 Nf6 5.Nc3 d6 6.Bg5 Bd7 7.Qd2 Rc8 8.f4 Nxd4
9.Qxd4 Qa5 10.O-O-O Rxc3 11.bxc3 e5 12.Qb4 Qxb4 13.cxb4 Nxe4 14.Bh4 g5 15.fxg5
Be7 16.Re1 d5 17.a3 h6 18.Bd3 hxg5 19.Bxe4 dxe4 20.Bg3 f5 21.Bxe5 O-O 22.Rd1
Bc6 23.Bd6 Kf7 24.h4 gxh4 25.Bxe7 Kxe7 26.Rxh4 e3 27.Rf4 Bxg2 28.Re1 Kf6
29.Rxe3 Kg5 30.Rf2 Bc6 31.b5 Bxb5 32.Rg3+ {#r} 1-0

[Event "Cup Balazs-Diak (juniors) (under 18)"]
[Site "masterchessopen.com Balatonlelle (Hungary)"]
[Date "2006.07.08"]
[Round "8"]
[White "Szabo Krisztian (HUN)"]
[Black "Papp Tamas (HUN)"]
[Result "1-0"]
[WhiteElo "2476"]
[BlackElo "2266"]

1.e4 c5 2.Nf3 Nc6 3.d4 cxd4 4.Nxd4 Nf6 5.Nc3 d6 6.Bg5 Bd7 7.Qd2 Rc8 8.f4 Qa5
9.Nb3 Qb6 10.O-O-O e6 11.Kb1 Ng4 12.Bh4 Qe3 13.Nb5 Qxd2 14.Rxd2 e5 15.f5 g6
16.Nxd6+ Bxd6 17.Rxd6 gxf5 18.Nc5 Rc7 19.Nxd7 Rxd7 20.Rxd7 Kxd7 21.exf5 Ne3
22.g3 Nd4 23.Bf6 Rc8 24.Bxe5 Ndxf5 25.Bd3 Ne7 26.Bd4 N3d5 27.Bxh7 f5 28.Rf1
Rf8 29.g4 f4 30.g5 Ne3 31.Rf3 Ng4 32.h3 Nc6 33.hxg4 Nxd4 34.Rd3 f3 35.Rxd4+
Ke6 36.Rd1 {#r} 1-0

[Event "Tournament (juniors)"]
[Site "masterchessopen.com Lublin (Poland)"]
[Date "2006.07.16"]
[Round "11"]
[White "Majcher Marcin (POL)"]
[Black "Przezdziecka Marta (POL)"]
[Result "0-1"]
[WhiteElo "2154"]
[BlackElo "2299"]

1.e4 c5 2.Nf3 Nc6 3.d4 cxd4 4.Nxd4 Nf6 5.Nc3 d6 6.Bg5 Bd7 7.Qd2 Rc8 8.f3 a6
9.O-O-O Nxd4 10.Qxd4 Qa5 11.Be3 b5 12.Qb6 Qxb6 13.Bxb6 g6 14.Bd4 e5 15.Be3 Be6
16.Bg5 Nd7 17.a4 f6 18.Be3 bxa4 19.Bxa6 Rxc3 20.bxc3 Be7 21.Bb7 Kf7 22.Bd5 f5
23.Kd2 Nf6 24.c4 Bxd5 25.exd5 Rc8 26.Kd3 e4+ 27.fxe4 fxe4+ 28.Kd4 Ng4 29.Rhf1+
Bf6+ 30.Kxe4 Re8+ {#R} 0-1

[Event "It (open)"]
[Site "masterchessopen.com Pardubice (Czech Republic)"]
[Date "2006.07.27"]
[Round "7"]
[White "Klimov Sergey (RUS)"]
[Black "Prokopchuk Evgeny (RUS)"]
[Result "1-0"]
[WhiteElo "2498"]
[BlackElo "2516"]

1.e4 c5 2.Nf3 Nc6 3.d4 cxd4 4.Nxd4 Nf6 5.Nc3 d6 6.Bg5 Bd7 7.Qd2 Rc8 8.f3 a6
9.O-O-O e6 10.Kb1 h6 11.Be3 Qc7 12.g4 Ne5 13.h4 b5 14.a3 g6 15.Rg1 Nc4 16.Bxc4
Qxc4 17.Nb3 b4 18.axb4 Qxb4 19.e5 dxe5 20.g5 hxg5 21.Bxg5 Nd5 22.Nxd5 exd5
23.Qxd5 Qb5 24.Nc5 {#r} 1-0

[Event "It (cat.2)"]
[Site "masterchessopen.com Villa Martelli (Argentina)"]
[Date "2006.07.28"]
[Round "5"]
[White "Duarte Leonardo (ARG)"]
[Black "Della Morte Pablo (ARG)"]
[Result "1-0"]
[WhiteElo "2410"]
[BlackElo "2277"]

1.e4 c5 2.Nf3 Nc6 3.d4 cxd4 4.Nxd4 Nf6 5.Nc3 d6 6.Bg5 Bd7 7.Qd2 Rc8 8.f3 Nxd4
9.Qxd4 Qa5 10.Be3 a6 11.O-O-O g6 12.Kb1 Bg7 13.Qd2 Be6 14.a3 b5 15.Bd4 Qc7
16.g4 O-O 17.h4 Rb8 18.h5 Rfc8 19.hxg6 hxg6 20.Nd5 Bxd5 21.exd5 b4 22.Bxa6
bxa3 23.Bxc8 axb2 24.Ba6 Ra8 25.Bb5 Ra1+ 26.Kxb2 Ra5 27.c4 Ne4 28.fxe4 Qa7
29.Kb1 Ra1+ 30.Bxa1 Qxa1+ 31.Kc2 Qb2+ 32.Kd3 Qd4+ 33.Ke2 Qxe4+ 34.Qe3 Qg2+
35.Kd3 {#r} 1-0

[Event "It (open)"]
[Site "masterchessopen.com Pardubice (Czech Republic)"]
[Date "2006.07.29"]
[Round "9"]
[White "Chrz Pavel (CZE)"]
[Black "Baryshpolets Andrey (UKR)"]
[Result "0-1"]
[WhiteElo "2125"]
[BlackElo "2265"]

1.e4 c5 2.Nf3 Nc6 3.d4 cxd4 4.Nxd4 Nf6 5.Nc3 d6 6.Bg5 Bd7 7.Qd2 Rc8 8.O-O-O
Nxd4 9.Qxd4 Qa5 10.f4 Rxc3 11.bxc3 e5 12.Qb4 Qxb4 13.cxb4 Nxe4 14.Re1 Nxg5
15.fxg5 Be7 16.h4 h6 17.g6 f5 18.Bc4 Bd8 19.Bd5 b5 20.c4 bxc4 21.Bxc4 Ke7
22.h5 Bb6 23.Kd2 Rc8 24.Bd5 f4 25.Rhf1 Rf8 26.Bf7 Be3+ 27.Rxe3 fxe3+ 28.Kxe3
Be6 29.Ke4 Bxf7 30.Rxf7+ Rxf7 31.gxf7 Kxf7 32.Kd5 Ke7 33.b5 Kd7 34.a4 a6 35.b6
a5 36.g3 Kc8 37.Kc4 e4 38.Kb5 e3 39.Kxa5 Kb8 {#R} 0-1

[Event "It (cat.4) \"]
[Site "masterchessopen.com Peterhof (Russia)"]
[Date "2006.08.19"]
[Round "9"]
[White "Shimanov Aleksandr (RUS)"]
[Black "Mukhin Georgy (RUS)"]
[Result "1-0"]
[WhiteElo "2389"]
[BlackElo "2325"]

1.e4 c5 2.Nf3 Nc6 3.d4 cxd4 4.Nxd4 Nf6 5.Nc3 d6 6.Bg5 Bd7 7.Qd2 Rc8 8.f4 Nxd4
9.Qxd4 Qa5 10.e5 dxe5 11.fxe5 e6 12.O-O-O Bc6 13.Bb5 Bxb5 14.exf6 Bc6 15.h4 g6
16.Rhe1 Bc5 17.Rxe6+ fxe6 18.f7+ Kxf7 19.Qf6+ Kg8 20.Qxe6+ Kg7 21.Bf6+ Kh6
22.Qe5 {#r} 1-0